[Event "Lidums Checkmate Open"]
[Site "Adelaide"]
[Date "2010.07.03"]
[Round "1.1"]
[White "Sykes, Alexander K"]
[Black "Smerdon, David C"]
[Result "0-1"]
[WhiteElo "1900"]
[BlackElo "2511"]
[PlyCount "66"]
[EventDate "2010.07.03"]
[EventType "swiss"]
[EventRounds "7"]
[EventCountry "AUS"]

1. d4 Nf6 2. c4 e6 3. Nc3 Bb4 4. e3 b6 5. Nge2 Ba6 6. a3 Be7 7. Ng3 d5 8. Qa4+
c6 9. cxd5 Bxf1 10. Nxf1 exd5 11. Ng3 O-O 12. O-O Bd6 13. Bd2 Re8 14. b4 b5 15.
Qd1 Nbd7 16. Nf5 Bf8 17. g4 Nb6 18. g5 Ne4 19. Nxe4 Rxe4 20. f4 Nc4 21. Rf3 a5
22. bxa5 g6 23. Ng3 Re8 24. Nf1 Nxa3 25. Rh3 b4 26. Qg4 b3 27. Qh4 h5 28. Bc3
Qd7 29. Rf3 Qf5 30. Qf2 Qc2 31. Qxc2 bxc2 32. Rf2 Reb8 33. Nd2 Nb1 0-1

[Event "Lidums Checkmate Open"]
[Site "Adelaide"]
[Date "2010.07.03"]
[Round "1.2"]
[White "Johansen, Darryl K"]
[Black "Cloudsdale, Colin"]
[Result "1-0"]
[WhiteElo "2360"]
[BlackElo "1898"]
[PlyCount "87"]
[EventDate "2010.07.03"]
[EventType "swiss"]
[EventRounds "7"]
[EventCountry "AUS"]

1. d4 Nf6 2. Nf3 b6 3. g3 Bb7 4. c4 e6 5. Bg2 Bb4+ 6. Bd2 Qe7 7. O-O O-O 8. Bf4
Bd6 9. Bxd6 Qxd6 10. Nc3 Qe7 11. Rc1 d6 12. d5 e5 13. e4 g6 14. b4 Nh5 15. c5
Na6 16. c6 Bc8 17. a3 Qe8 18. Re1 f5 19. exf5 gxf5 20. Nd4 Nf6 21. f4 e4 22.
Nc2 Qg6 23. Ne3 h5 24. Rc2 Rf7 25. Kh1 Rg7 26. Bf1 Qh7 27. Rg2 Kf8 28. Bc4 Nb8
29. Qd4 Qh6 30. Rf1 Na6 31. Rff2 Nb8 32. Be2 Ng4 33. Nxg4 hxg4 34. Rg1 Kf7 35.
h3 Rh7 36. Rh2 Na6 37. Kg2 Nc5 38. bxc5 bxc5 39. Qe3 Rb8 40. Rgh1 Qg6 41. hxg4
Rxh2+ 42. Rxh2 Rb3 43. Rh7+ Kf6 44. Rh6 1-0

[Event "Lidums Checkmate Open"]
[Site "Adelaide"]
[Date "2010.07.03"]
[Round "1.3"]
[White "Mdinaradze, Edgar"]
[Black "Goldenberg, Igor"]
[Result "0-1"]
[WhiteElo "1871"]
[BlackElo "2336"]
[PlyCount "75"]
[EventDate "2010.07.03"]
[EventType "swiss"]
[EventRounds "7"]
[EventCountry "AUS"]

1. d4 Nf6 2. Nf3 d5 3. g3 c6 4. Bg2 Bf5 5. Nbd2 e6 6. O-O Nbd7 7. Re1 Bd6 8.
Nh4 Bg4 9. Nhf3 O-O 10. b3 e5 11. dxe5 Nxe5 12. Bb2 Re8 13. Nxe5 Bxe5 14. Bxe5
Rxe5 15. Nf3 Re7 16. Qd2 Qc7 17. e3 Rd8 18. b4 Bf5 19. Red1 Be4 20. c4 Qc8 21.
a4 Qg4 22. h3 Qh5 23. g4 Qg6 24. Ne1 Bxg2 25. Nxg2 Red7 26. cxd5 Nxd5 27. Qb2
h5 28. f3 Qd6 29. Rab1 Qg3 30. Qf2 Qxh3 31. e4 hxg4 32. exd5 gxf3 33. Ne1 Qg4+
34. Kh1 Rxd5 35. Rxd5 Rxd5 36. Nxf3 Rh5+ 37. Nh2 Qe4+ 38. Kg1 0-1

[Event "Lidums Checkmate Open"]
[Site "Adelaide"]
[Date "2010.07.03"]
[Round "1.4"]
[White "Teichmann, Erik"]
[Black "Cameron, Alistair"]
[Result "1-0"]
[WhiteElo "2321"]
[BlackElo "1862"]
[PlyCount "51"]
[EventDate "2010.07.03"]
[EventType "swiss"]
[EventRounds "7"]
[EventCountry "AUS"]

1. b4 d5 2. Bb2 Nf6 3. e3 Bf5 4. Nf3 Nbd7 5. c4 e6 6. b5 Nb6 7. cxd5 exd5 8. d3
Bd6 9. Be2 O-O 10. O-O Re8 11. Nbd2 c5 12. bxc6 bxc6 13. d4 Ne4 14. Rc1 Re6 15.
g3 Rc8 16. Nh4 Bh3 17. Ng2 Nxd2 18. Qxd2 Rh6 19. Ba6 Rc7 20. f3 Qe7 21. Bc3 Re6
22. Rfe1 c5 23. Bf1 Bxg2 24. Kxg2 f5 25. Bd3 g6 26. Rc2 1-0

[Event "Lidums Checkmate Open"]
[Site "Adelaide"]
[Date "2010.07.03"]
[Round "1.5"]
[White "Guo, Emma"]
[Black "Chapman, Mark"]
[Result "0-1"]
[WhiteElo "1843"]
[BlackElo "2296"]
[PlyCount "68"]
[EventDate "2010.07.03"]
[EventType "swiss"]
[EventRounds "7"]
[EventCountry "AUS"]

1. e4 e5 2. Nf3 Nc6 3. d4 exd4 4. Bc4 Nf6 5. O-O Nxe4 6. Re1 d5 7. Bxd5 Qxd5 8.
Nc3 Qh5 9. Nxe4 Be6 10. Bg5 Bd6 11. Bf6 Bxh2+ 12. Nxh2 Qxd1 13. Raxd1 gxf6 14.
Nxf6+ Kf8 15. Nf3 Rd8 16. Rd2 Kg7 17. Ne4 Bg4 18. Nh2 Bf5 19. Ng3 Bg6 20. Nf3
d3 21. c3 Rhe8 22. Re3 b5 23. Nh4 Rxe3 24. fxe3 Ne5 25. b3 c5 26. Nf3 Ng4 27.
e4 c4 28. Nd4 a6 29. Ngf5+ Bxf5 30. Nxf5+ Kf6 31. Nd4 Kg5 32. g3 Ne5 33. Kf2 b4
34. cxb4 Rxd4 0-1

[Event "Lidums Checkmate Open"]
[Site "Adelaide"]
[Date "2010.07.03"]
[Round "1.6"]
[White "Morris, James"]
[Black "Zelesco, Karl"]
[Result "1-0"]
[WhiteElo "2213"]
[BlackElo "1602"]
[PlyCount "119"]
[EventDate "2010.07.03"]
[EventType "swiss"]
[EventRounds "7"]
[EventCountry "AUS"]

1. d4 d5 2. Nc3 Nf6 3. Bg5 Ne4 4. Nxe4 dxe4 5. Bf4 h6 6. e3 Nd7 7. Ne2 g5 8.
Bg3 Bg7 9. Nc3 Nf6 10. Nb5 Nd5 11. c4 c6 12. cxd5 cxb5 13. Bxb5+ Bd7 14. Bc4
Rc8 15. Bb3 Bb5 16. h4 g4 17. Qxg4 Qa5+ 18. Kd1 O-O 19. Be5 f6 20. d6+ Kh8 21.
dxe7 fxe5 22. exf8=Q+ Rxf8 23. Rc1 exd4 24. Rc8 Rd8 25. Kc1 dxe3 26. Rxd8+ Qxd8
27. fxe3 Qc7+ 28. Kb1 Bd3+ 29. Ka1 a5 30. Qd1 b5 31. Qc1 Qd7 32. Bc2 a4 33.
Bxd3 a3 34. Qd2 Bxb2+ 35. Kb1 Qxd3+ 36. Qxd3 exd3 37. Rd1 b4 38. Rxd3 Kg7 39.
Rd6 Be5 40. Rb6 Bc3 41. Kc2 h5 42. Rb5 Kg6 43. g4 hxg4 44. Rg5+ Kh6 45. Rxg4
Kh5 46. Rc4 Be1 47. Kb3 Bd2 48. Rxb4 Bxe3 49. Kxa3 Bc5 50. Kb3 Bxb4 51. Kxb4
Kxh4 52. a4 Kg5 53. a5 Kf6 54. a6 Ke7 55. a7 Kd7 56. a8=Q Kd6 57. Qe4 Kd7 58.
Kc5 Kd8 59. Kc6 Kc8 60. Qe8# 1-0

[Event "Lidums Checkmate Open"]
[Site "Adelaide"]
[Date "2010.07.03"]
[Round "1.7"]
[White "Steffensen, Dennis A"]
[Black "Scott, Ronald"]
[Result "0-1"]
[WhiteElo "1601"]
[BlackElo "2185"]
[PlyCount "50"]
[EventDate "2010.07.03"]
[EventType "swiss"]
[EventRounds "7"]
[EventCountry "AUS"]

1. d4 Nf6 2. c4 e6 3. Nc3 c5 4. d5 exd5 5. cxd5 d6 6. Nf3 g6 7. g3 Bg7 8. Bg2
O-O 9. O-O Na6 10. h3 Nc7 11. Re1 b5 12. e4 b4 13. Nb1 Re8 14. Nfd2 Ba6 15. Bf1
Qc8 16. Bxa6 Qxa6 17. a3 Re7 18. Re3 Bh6 19. axb4 Qc8 20. Rf3 Bg7 21. bxc5 Qxh3
22. Rxf6 Bxf6 23. cxd6 Re5 24. g4 Rg5 25. f3 Bd4# 0-1

[Event "Lidums Checkmate Open"]
[Site "Adelaide"]
[Date "2010.07.03"]
[Round "1.8"]
[White "Wallis, Christopher"]
[Black "Courtney, Michael J"]
[Result "1-0"]
[WhiteElo "2130"]
[BlackElo "1581"]
[PlyCount "47"]
[EventDate "2010.07.03"]
[EventType "swiss"]
[EventRounds "7"]
[EventCountry "AUS"]

1. d4 Nf6 2. c4 g6 3. g3 Bg7 4. Bg2 O-O 5. Nf3 d6 6. Nc3 Nbd7 7. O-O e5 8. e4
Ng4 9. h3 Nh6 10. Re1 f5 11. Bg5 Qe8 12. Nd5 c6 13. Nc7 Qf7 14. Nxa8 fxe4 15.
Rxe4 Qf5 16. g4 Qxe4 17. Nxe5 Qxg2+ 18. Kxg2 dxe5 19. Nc7 Nb6 20. dxe5 Nxg4 21.
hxg4 Bxe5 22. c5 Nc4 23. Qb3 Be6 24. Nxe6 1-0

[Event "Lidums Checkmate Open"]
[Site "Adelaide"]
[Date "2010.07.03"]
[Round "1.9"]
[White "Staak, Eric"]
[Black "Sheldrick, Kevin"]
[Result "0-1"]
[WhiteElo "1545"]
[BlackElo "2095"]
[PlyCount "79"]
[EventDate "2010.07.03"]
[EventType "swiss"]
[EventRounds "7"]
[EventCountry "AUS"]

1. e4 Nf6 2. e5 Nd5 3. Nc3 Nxc3 4. bxc3 d5 5. d4 c5 6. Nf3 Nc6 7. Be2 Bg4 8.
O-O e6 9. h3 Bh5 10. Be3 Qa5 11. Qd3 a6 12. a4 Bg6 13. Qd2 cxd4 14. cxd4 Qxd2
15. Bxd2 Bxc2 16. Rfc1 Bg6 17. Rc3 Be7 18. Bd3 Bb4 19. Bxg6 Bxc3 20. Bxf7+ Kxf7
21. Bxc3 Rac8 22. Bd2 h6 23. Rb1 Rc7 24. Kf1 Ke7 25. Ke2 Kd7 26. Ke3 Rb8 27.
Rb6 Rcc8 28. Ne1 Kc7 29. a5 Kd7 30. Nd3 Ke7 31. Nc5 Rc7 32. f3 Kf7 33. f4 g5
34. fxg5 hxg5 35. Nd3 Nd8 36. Nc5 Rc6 37. Rb1 b5 38. Bb4 Kg7 39. Rf1 Nb7 40.
Nd7 0-1

[Event "Lidums Checkmate Open"]
[Site "Adelaide"]
[Date "2010.07.03"]
[Round "1.10"]
[White "Srdic, Goran"]
[Black "Atrens, Edvard"]
[Result "1-0"]
[WhiteElo "1990"]
[BlackElo "1529"]
[PlyCount "69"]
[EventDate "2010.07.03"]
[EventType "swiss"]
[EventRounds "7"]
[EventCountry "AUS"]

1. d4 Nf6 2. Nf3 e6 3. c4 d5 4. Nc3 Be7 5. Bf4 a6 6. e3 c5 7. dxc5 Bxc5 8. Qc2
O-O 9. Rd1 Bb4 10. Bd3 Qe7 11. O-O Rd8 12. Bg5 h6 13. Bh4 dxc4 14. Bxc4 Rxd1
15. Rxd1 b5 16. Bxf6 Qxf6 17. Ne4 Qe7 18. Bxb5 Bb7 19. Ba4 Bd5 20. a3 Ba5 21.
b4 Bb6 22. Ne5 Qh4 23. Ng3 Bd8 24. Be8 f5 25. Bf7+ Kh7 26. Rxd5 Qf6 27. Nh5 Qe7
28. Rd4 Bb6 29. Bg6+ Kg8 30. Qc8+ Qf8 31. Bf7+ Kh7 32. Bg6+ Kg8 33. Bf7+ Kh7
34. Qxf8 Bxd4 35. Qxg7# 1-0

[Event "Lidums Checkmate Open"]
[Site "Adelaide"]
[Date "2010.07.03"]
[Round "1.11"]
[White "Haydn, Gavin"]
[Black "Goldsmith, Alan D"]
[Result "0-1"]
[WhiteElo "1489"]
[BlackElo "1975"]
[PlyCount "44"]
[EventDate "2010.07.03"]
[EventType "swiss"]
[EventRounds "7"]
[EventCountry "AUS"]

1. d4 d5 2. c4 e5 3. Nc3 exd4 4. Qxd4 Nc6 5. Qxd5 Be6 6. Qxd8+ Rxd8 7. e4 Nb4
8. Be2 Nc2+ 9. Kf1 Nxa1 10. f4 Bb4 11. Nd5 Bxd5 12. cxd5 Nf6 13. Bf3 O-O 14.
Ne2 Rfe8 15. Ng3 Nc2 16. a3 Bc5 17. b4 Bb6 18. d6 Rxd6 19. e5 Rdd8 20. Nf5 Nd5
21. g4 Nde3+ 22. Ke2 Nxf5 0-1

[Event "Lidums Checkmate Open"]
[Site "Adelaide"]
[Date "2010.07.03"]
[Round "1.12"]
[White "Zulfic, Fedja"]
[Black "Wedding, William"]
[Result "1-0"]
[WhiteElo "1935"]
[BlackElo "1404"]
[PlyCount "68"]
[EventDate "2010.07.03"]
[EventType "swiss"]
[EventRounds "7"]
[EventCountry "AUS"]

1. d4 Nf6 2. c4 g6 3. Nc3 d5 4. cxd5 Nxd5 5. Na4 Bg7 6. e4 Nf6 7. f3 O-O 8. Be3
Nbd7 9. Bd3 c6 10. Ne2 e5 11. O-O Re8 12. Qb3 b6 13. Rfd1 Bb7 14. Bc4 Qe7 15.
Nac3 exd4 16. Bxd4 Ne5 17. Bxe5 b5 18. Bxf6 Bxf6 19. Bd3 a6 20. a4 b4 21. Nb1
a5 22. Nd2 Bc8 23. Bc4 Qc5+ 24. Kh1 Be6 25. Rac1 Qe5 26. Bxe6 Rxe6 27. Nc4 Qc7
28. Rd3 Be5 29. Nxe5 Rxe5 30. Rcd1 Rh5 31. f4 Rf8 32. e5 c5 33. Qc4 Qc6 34. Rd6
Qxa4 1-0

[Event "Lidums Checkmate Open"]
[Site "Adelaide"]
[Date "2010.07.03"]
[Round "2.1"]
[White "Smerdon, David C"]
[Black "Wallis, Christopher"]
[Result "1-0"]
[WhiteElo "2511"]
[BlackElo "2130"]
[PlyCount "81"]
[EventDate "2010.07.03"]
[EventType "swiss"]
[EventRounds "7"]
[EventCountry "AUS"]

1. e4 e5 2. Nf3 Nc6 3. d4 exd4 4. Bc4 Nf6 5. e5 Ng4 6. O-O d6 7. Bg5 Be7 8.
Bxe7 Qxe7 9. exd6 Qxd6 10. Re1+ Be6 11. h3 Nge5 12. Nxe5 Nxe5 13. Bxe6 fxe6 14.
Qe2 Nc6 15. Qxe6+ Qxe6 16. Rxe6+ Kf7 17. Re4 Rhe8 18. Nd2 Rxe4 19. Nxe4 Re8 20.
Re1 h6 21. f3 Nb4 22. Rd1 Rd8 23. Rc1 b6 24. c3 Nd3 25. Rc2 c5 26. Kf1 Nf4 27.
cxd4 Rxd4 28. b3 Ke6 29. h4 Nd5 30. Re2 Kd7 31. g3 a5 32. g4 a4 33. bxa4 c4 34.
Rd2 c3 35. Rxd4 c2 36. Rxd5+ Kc7 37. a5 c1=Q+ 38. Kg2 Qb2+ 39. Rd2 Qb5 40.
axb6+ Kxb6 41. h5 1-0

[Event "Lidums Checkmate Open"]
[Site "Adelaide"]
[Date "2010.07.03"]
[Round "2.3"]
[White "Goldenberg, Igor"]
[Black "Srdic, Goran"]
[Result "1-0"]
[WhiteElo "2336"]
[BlackElo "1990"]
[PlyCount "95"]
[EventDate "2010.07.03"]
[EventType "swiss"]
[EventRounds "7"]
[EventCountry "AUS"]

1. Nf3 Nf6 2. c4 e6 3. Nc3 d5 4. d4 c6 5. e3 Nbd7 6. Bd3 dxc4 7. Bxc4 b5 8. Be2
a6 9. e4 b4 10. e5 bxc3 11. exf6 Nxf6 12. bxc3 Bd6 13. O-O Qc7 14. c4 c5 15.
Bb2 Bb7 16. dxc5 Bxc5 17. Be5 Qa5 18. Qd2 Qxd2 19. Nxd2 Nd7 20. Bc3 O-O 21. Nb3
Rac8 22. Rfd1 Rfd8 23. Ba5 Bb6 24. Rxd7 Bxf2+ 25. Kxf2 Rxd7 26. Rc1 e5 27. Bb6
Rd6 28. c5 Rf6+ 29. Kg1 Rg6 30. g3 f5 31. Na5 Be4 32. Rd1 f4 33. Ba7 Rf8 34.
Bc4+ Kh8 35. Rd6 fxg3 36. Rxg6 gxh2+ 37. Kxh2 hxg6 38. c6 Bf5 39. Bxa6 e4 40.
Bb7 Re8 41. Nc4 e3 42. Nxe3 Be4 43. Nc4 Re6 44. Na5 g5 45. Kg3 Kh7 46. c7 Bxb7
47. Nxb7 Rc6 48. Nd6 1-0

[Event "Lidums Checkmate Open"]
[Site "Adelaide"]
[Date "2010.07.03"]
[Round "2.4"]
[White "Sheldrick, Kevin"]
[Black "Teichmann, Erik"]
[Result "0-1"]
[WhiteElo "2095"]
[BlackElo "2321"]
[PlyCount "88"]
[EventDate "2010.07.03"]
[EventType "swiss"]
[EventRounds "7"]
[EventCountry "AUS"]

1. e4 Nc6 2. d4 e5 3. dxe5 Nxe5 4. Nc3 Bc5 5. Bf4 d6 6. Qd2 Nf6 7. O-O-O Be6 8.
Bxe5 dxe5 9. Qg5 Qe7 10. f3 Bd7 11. Bc4 c6 12. g4 h5 13. Na4 Bxg1 14. Rhxg1 b5
15. Qxg7 Rh7 16. Bxf7+ Qxf7 17. Qxf7+ Rxf7 18. Nc5 hxg4 19. Nxd7 Rxd7 20. fxg4
Rxd1+ 21. Kxd1 Ke7 22. h4 Nxe4 23. Ke2 Nf6 24. Ke3 Rh8 25. h5 Rg8 26. g5 Nxh5
27. Ke4 Ke6 28. b3 Nf6+ 29. Kd3 Rg6 30. c4 b4 31. a3 bxa3 32. Ra1 Rxg5 33. Rxa3
Rg3+ 34. Kc2 Rg2+ 35. Kc3 Ne4+ 36. Kb4 Rg7 37. Ra6 Rb7+ 38. Ka5 Kd6 39. b4 Nc3
40. b5 Nxb5 41. cxb5 Rxb5+ 42. Ka4 Rb1 43. Ra5 Ra1+ 44. Kb4 Rxa5 0-1

[Event "Lidums Checkmate Open"]
[Site "Adelaide"]
[Date "2010.07.03"]
[Round "2.5"]
[White "Chapman, Mark"]
[Black "Zulfic, Fedja"]
[Result "0-1"]
[WhiteElo "2296"]
[BlackElo "1935"]
[PlyCount "49"]
[EventDate "2010.07.03"]
[EventType "swiss"]
[EventRounds "7"]
[EventCountry "AUS"]

1. e4 c5 2. Nf3 Nc6 3. d4 cxd4 4. Nxd4 g6 5. Nc3 Bg7 6. Be3 Nf6 7. Bc4 d6 8. f3
Bd7 9. Qd2 Rc8 10. Bb3 h5 11. O-O Ne5 12. Qe2 a6 13. a4 Qc7 14. Qf2 O-O 15.
Rad1 Nc4 16. Bc1 Qb8 17. Nde2 b5 18. axb5 axb5 19. Nf4 e6 20. Na2 Na5 21. Nb4
Nxb3 22. cxb3 d5 23. Nfd3 dxe4 24. Bf4 Qb7 25. Ne5 0-1

[Event "Lidums Checkmate Open"]
[Site "Adelaide"]
[Date "2010.07.03"]
[Round "2.6"]
[White "Goldsmith, Alan D"]
[Black "Morris, James"]
[Result "0-1"]
[WhiteElo "1975"]
[BlackElo "2213"]
[PlyCount "72"]
[EventDate "2010.07.03"]
[EventType "swiss"]
[EventRounds "7"]
[EventCountry "AUS"]

1. d4 g6 2. e4 Bg7 3. h4 h5 4. f4 c6 5. Nc3 d5 6. Nf3 Bg4 7. Be3 Nh6 8. Bd3
dxe4 9. Bxe4 e6 10. Qd2 Nd7 11. Ne5 Nf6 12. O-O Nd5 13. Rae1 O-O 14. Bf2 Bf6
15. g3 Bh3 16. Bg2 Bxg2 17. Kxg2 Nxc3 18. bxc3 Qa5 19. Kg1 Rfd8 20. Rb1 Rab8
21. Qd3 Ng4 22. Nxg4 hxg4 23. Be3 Rd7 24. Rb3 Rbd8 25. Rfb1 b6 26. Qe4 Qxa2 27.
h5 gxh5 28. Kf2 c5 29. Rh1 cxd4 30. Bxd4 Bxd4+ 31. cxd4 Rxd4 32. Qe5 R4d5 33.
Rd1 Rxd1 34. Qg5+ Kf8 35. Qh6+ Ke8 36. Qh8+ Ke7 0-1

[Event "Lidums Checkmate Open"]
[Site "Adelaide"]
[Date "2010.07.03"]
[Round "2.8"]
[White "Kerr, Bill"]
[Black "Sykes, Alexander K"]
[Result "0-1"]
[WhiteElo "1793"]
[BlackElo "1900"]
[PlyCount "48"]
[EventDate "2010.07.03"]
[EventType "swiss"]
[EventRounds "7"]
[EventCountry "AUS"]

1. Nf3 Nf6 2. g3 d5 3. Bg2 Bf5 4. d3 Nc6 5. Nh4 Qd7 6. Nxf5 Qxf5 7. Nd2 Qh5 8.
c4 e6 9. cxd5 exd5 10. Qb3 O-O-O 11. Nf3 Re8 12. O-O Bd6 13. Bg5 Re6 14. Bxf6
Rxf6 15. Rac1 Rh6 16. Rxc6 bxc6 17. h4 Rg6 18. Rc1 Re8 19. Nd4 Bxg3 20. Bh3+
Ree6 21. Nxc6 Bxh4+ 22. Kh2 Bg3+ 23. fxg3 Qxe2+ 24. Kh1 Qf3+ 0-1

[Event "Lidums Checkmate Open"]
[Site "Adelaide"]
[Date "2010.07.03"]
[Round "2.9"]
[White "Cloudsdale, Colin"]
[Black "Staak, Eric"]
[Result "1/2-1/2"]
[WhiteElo "1898"]
[BlackElo "1545"]
[PlyCount "74"]
[EventDate "2010.07.03"]
[EventType "swiss"]
[EventRounds "7"]
[EventCountry "AUS"]

1. e4 e6 2. d4 d5 3. Nd2 dxe4 4. Nxe4 Bd7 5. Nf3 Bc6 6. Bd3 Nd7 7. Qe2 Ngf6 8.
Bg5 Be7 9. O-O-O Nxe4 10. Bxe7 Qxe7 11. Bxe4 Bxe4 12. Qxe4 O-O-O 13. d5 Nf6 14.
Qe3 Nxd5 15. Qxa7 Nb6 16. a4 Qb4 17. a5 Nd5 18. Rd4 Qd6 19. c4 c5 20. Rd2 Qf4
21. Qxc5+ Nc7 22. Rhd1 f6 23. Kc2 Qe4+ 24. Kc3 Rxd2 25. Rxd2 e5 26. Rd6 Kb8 27.
Rd7 Rc8 28. Qd6 Qb1 29. Rd8 e4 30. Nd2 Qc1+ 31. Kb3 Qd1+ 32. Kb4 Qe1 33. a6
Rxd8 34. Qxd8+ Ka7 35. Kc3 Qc1+ 36. Kb3 Qd1+ 37. Ka3 Nxa6 1/2-1/2

[Event "Lidums Checkmate Open"]
[Site "Adelaide"]
[Date "2010.07.03"]
[Round "2.10"]
[White "Courtney, Michael J"]
[Black "Mdinaradze, Edgar"]
[Result "0-1"]
[WhiteElo "1581"]
[BlackElo "1871"]
[PlyCount "60"]
[EventDate "2010.07.03"]
[EventType "swiss"]
[EventRounds "7"]
[EventCountry "AUS"]

1. e4 e5 2. Nf3 Nc6 3. Bb5 Nf6 4. O-O Be7 5. Nc3 d6 6. d4 exd4 7. Nxd4 Bd7 8.
Ba4 O-O 9. Be3 Ng4 10. Bf4 Nxd4 11. Qxd4 Bf6 12. Qb4 a5 13. Qc4 Be6 14. Nd5
Bxb2 15. Rab1 Be5 16. Bxe5 Nxe5 17. Qxc7 Qh4 18. Ne7+ Kh8 19. Rxb7 Qxe4 20. Bb3
d5 21. Rd1 Qe2 22. c3 a4 23. Bxa4 Rxa4 24. Rdb1 Rxa2 25. Qc5 h5 26. Nxd5 Rc8
27. Rb8 Rxb8 28. Rxb8+ Kh7 29. Ne3 Qxf2+ 30. Kh1 Ra1+ 0-1

[Event "Lidums Checkmate Open"]
[Site "Adelaide"]
[Date "2010.07.03"]
[Round "2.11"]
[White "Cameron, Alistair"]
[Black "Haydn, Gavin"]
[Result "1-0"]
[WhiteElo "1862"]
[BlackElo "1489"]
[PlyCount "99"]
[EventDate "2010.07.03"]
[EventType "swiss"]
[EventRounds "7"]
[EventCountry "AUS"]

1. d4 d5 2. c4 c6 3. Nf3 Nf6 4. Nc3 dxc4 5. a4 Bf5 6. e3 e6 7. a5 Bb4 8. Qa4
Bxc3+ 9. bxc3 O-O 10. Bxc4 Nbd7 11. Qb3 Rb8 12. O-O Ne4 13. Nd2 Ndf6 14. Nxe4
Nxe4 15. f3 Nf6 16. e4 Bg6 17. Bf4 b5 18. axb6 Rxb6 19. Qa4 Nh5 20. Be3 Qc8 21.
Qxa7 Rb7 22. Qc5 Qd7 23. Ra6 Rc8 24. Rfa1 Nf6 25. Rb6 h6 26. Raa6 Nd5 27. Rxb7
Qxb7 28. exd5 cxd5 29. Qb6 Qc7 30. Bf1 Qxc3 31. Bf2 Qd2 32. Qa5 Qd1 33. Qe1 Rc1
34. Qxd1 Rxd1 35. Ra3 Kf8 36. g3 f6 37. Kg2 e5 38. dxe5 fxe5 39. Bc5+ Kf7 40.
Ra7+ Kg8 41. g4 e4 42. f4 h5 43. h3 hxg4 44. hxg4 Bf7 45. Rd7 Rd2+ 46. Kg3 Be6
47. Rd8+ Kh7 48. f5 Bg8 49. g5 Rd1 50. Be2 1-0

[Event "Lidums Checkmate Open"]
[Site "Adelaide"]
[Date "2010.07.03"]
[Round "2.12"]
[White "Atrens, Edvard"]
[Black "Guo, Emma"]
[Result "0-1"]
[WhiteElo "1529"]
[BlackElo "1843"]
[PlyCount "85"]
[EventDate "2010.07.03"]
[EventType "swiss"]
[EventRounds "7"]
[EventCountry "AUS"]

1. e4 e5 2. Nf3 Nc6 3. Bb5 f5 4. d3 fxe4 5. dxe4 Nf6 6. Nc3 Bc5 7. Bg5 d6 8. h3
O-O 9. Nd5 Bxf2+ 10. Ke2 Bg3 11. Nxf6+ gxf6 12. Bh6 Re8 13. Bc4+ Be6 14. Bxe6+
Rxe6 15. Qd5 Qe7 16. c3 Kh8 17. Rhf1 Rg8 18. Be3 Nd8 19. Nd2 Qd7 20. Rf3 c6 21.
Qd3 b6 22. Rd1 d5 23. Nf1 Bf4 24. g4 Bxe3 25. Qxe3 Rd6 26. exd5 cxd5 27. b3 d4
28. cxd4 Nc6 29. Rxf6 Rxf6 30. dxe5 Qf7 31. exf6 Re8 32. g5 Qh5+ 33. Kf2 Rxe3
34. Nxe3 Qxg5 35. Ng4 h5 36. f7 Qf5+ 37. Kg3 hxg4 38. Rd2 Qxf7 39. hxg4 Ne5 40.
Rd6 Qf3+ 41. Kh2 Nxg4+ 42. Kg1 Qf2+ 43. Kh1 0-1

[Event "Lidums Checkmate Open"]
[Site "Adelaide"]
[Date "2010.07.03"]
[Round "2.13"]
[White "Zelesco, Karl"]
[Black "Simmonds, Leteisha"]
[Result "0-1"]
[WhiteElo "1603"]
[BlackElo "1396"]
[PlyCount "121"]
[EventDate "2010.07.03"]
[EventType "swiss"]
[EventRounds "7"]
[EventCountry "AUS"]

1. e4 e6 2. d4 d5 3. Nc3 Nf6 4. e5 Nfd7 5. f4 c5 6. Nf3 Nc6 7. Be3 Qb6 8. Na4
Qa5+ 9. c3 c4 10. a3 b5 11. Nc5 Qb6 12. b4 a5 13. Be2 Be7 14. g4 a4 15. Qb1 Nf8
16. h4 Bd7 17. Bd1 Kd8 18. Ra2 Kc7 19. Rf2 Be8 20. Bc2 Ra7 21. Kd2 Kc8 22. Rfh2
Qd8 23. h5 h6 24. Kc1 Kb8 25. Kb2 Ka8 26. Ka2 Rc7 27. Qc1 Ra7 28. Rg2 Kb8 29.
f5 Ka8 30. Rf1 Rc7 31. Rgf2 Ra7 32. Ne1 Bh4 33. Rf3 Be7 34. Qd2 Kb8 35. Ng2 Ka8
36. Nf4 Qc8 37. R1f2 Kb8 38. Qe2 Bh4 39. Rf1 Be7 40. fxe6 Nxe6 41. Nxd5 Ng5 42.
Nxe7 Nxe7 43. Bxg5 hxg5 44. Qg2 Nd5 45. Bf5 Qd8 46. Ne4 Nf4 47. Qd2 Rf8 48.
Nxg5 Qxg5 49. Qxf4 Qxf4 50. Rxf4 Kc7 51. d5 Kd8 52. d6 Bc6 53. Be4 Bxe4 54.
Rxe4 Kd7 55. Rd4 Ke6 56. Rd5 Kxd5 57. g5 Kxe5 58. g6 f5 59. Rg1 Kxd6 60. Rd1+
Ke5 61. Kb2 0-1

[Event "Lidums Checkmate Open"]
[Site "Adelaide"]
[Date "2010.07.03"]
[Round "2.14"]
[White "Wedding, William"]
[Black "Steffensen, Dennis A"]
[Result "0-1"]
[WhiteElo "1404"]
[BlackElo "1601"]
[PlyCount "89"]
[EventDate "2010.07.03"]
[EventType "swiss"]
[EventRounds "7"]
[EventCountry "AUS"]

1. e4 c5 2. d4 cxd4 3. c3 dxc3 4. Nxc3 Nc6 5. Nf3 d6 6. Bc4 e6 7. O-O Nf6 8.
Qe2 Be7 9. Rd1 O-O 10. Bf4 Ne8 11. Nb5 a6 12. Nxd6 Nxd6 13. e5 Qe8 14. exd6 Bf6
15. Be5 Nxe5 16. Nxe5 Bd7 17. Rac1 Rc8 18. Bb3 Qd8 19. Rc7 Bb5 20. Rxc8 Qxc8
21. Qe3 Bxe5 22. Qxe5 Rd8 23. Qf4 h6 24. Rc1 Qb8 25. Rc7 Rd7 26. h4 Qd8 27. Qf3
Rxc7 28. dxc7 Qxc7 29. a4 Bc6 30. Qg4 Qe5 31. Qd1 Qf6 32. g3 Qxb2 33. Bc2 Bd5
34. Qb1 Qxb1+ 35. Bxb1 b5 36. axb5 axb5 37. Kf1 Kf8 38. Ke2 Ke7 39. Kd3 Kd6 40.
Kc3 Kc5 41. Bh7 b4+ 42. Kd2 Kc4 43. Bc2 Kd4 44. Bd3 e5 45. Be2 0-1

[Event "Lidums Checkmate Open"]
[Site "Adelaide"]
[Date "2010.07.03"]
[Round "3.1"]
[White "Morris, James"]
[Black "Smerdon, David C"]
[Result "1/2-1/2"]
[WhiteElo "2213"]
[BlackElo "2511"]
[PlyCount "50"]
[EventDate "2010.07.03"]
[EventType "swiss"]
[EventRounds "7"]
[EventCountry "AUS"]

1. d4 Nf6 2. c4 e6 3. Nf3 d5 4. g3 dxc4 5. Bg2 Be7 6. Na3 c5 7. Nxc4 Nc6 8.
Nfe5 Nxd4 9. e3 Nf5 10. Qa4+ Nd7 11. O-O O-O 12. Rd1 Nb6 13. Rxd8 Nxa4 14. Rd3
Rd8 15. b3 Rxd3 16. Nxd3 Nb6 17. Ba3 Nd7 18. Na5 Rb8 19. Rc1 Bd8 20. Nc4 b6 21.
Nce5 Ne7 22. b4 Nxe5 23. Nxe5 Bc7 24. Nd3 Ba6 25. bxc5 Bxd3 1/2-1/2

[Event "Lidums Checkmate Open"]
[Site "Adelaide"]
[Date "2010.07.03"]
[Round "3.2"]
[White "Zulfic, Fedja"]
[Black "Goldenberg, Igor"]
[Result "0-1"]
[WhiteElo "1935"]
[BlackElo "2336"]
[PlyCount "50"]
[EventDate "2010.07.03"]
[EventType "swiss"]
[EventRounds "7"]
[EventCountry "AUS"]

1. d4 Nf6 2. c4 g6 3. Nc3 Bg7 4. e4 O-O 5. Be2 d6 6. Bg5 c5 7. d5 a6 8. a4 Qa5
9. Bd2 e6 10. dxe6 fxe6 11. Nf3 Nc6 12. O-O Qb6 13. Ne1 Nd4 14. f4 Bd7 15. Nd3
Bc6 16. e5 Ne4 17. Nxe4 Bxe4 18. Bc3 Rad8 19. Bxd4 cxd4 20. exd6 Qxd6 21. g3 e5
22. fxe5 Bxe5 23. c5 Qd5 24. Nxe5 Qxe5 25. Bf3 Rxf3 0-1